Personnalités célèbres commençant par Q - Statistiques

Statistiques générales
  • Ce quiz a été pris 42 fois
  • Le résultat moyen est 4 sur 10
Statistiques - réponses
Par images Réponse % Correct
Sandrine Quétier
68%
Eva Queen
63%
Fabio Quartararo
44%
Nairo Quintana
44%
Raphaël Quenard
39%
Adrien Quatennens
37%
Vincent Queijo
37%
Patrice Quarteron
10%
Raymond Queneau
10%
Jocelyn Quivrin
2%
Aucun quiz correspondant
Distribution des résultats
% des personnes avec chaque résultat
Percentile par nombre de réponses
Votre historique - résultats
Vous n’avez pas pris ce quiz